Countries With Most Vietnamese - Statistics

General Stats
  • This quiz has been taken 56 times
  • The average score is 7 of 10
Answer Stats
Diaspora Countries % Correct
2.2 Million United States
96%
300 K Australia
89%
350 K France
87%
370 K Japan
83%
240 K Canada
81%
170 K Germany
80%
600 K Cambodia
76%
170 K South Korea
67%
200 K Taiwan
50%
83 K Czechia
28%
No matching quizzes found
Score Distribution
Percent of People with Each Score
Percentile by Number Answered
Your Score History
You have not taken this quiz